000 00982cam a2200349Ia 4500
001 89044
005 20230410133102.0
008 971124s1996 sp ab b 000 0 spa d
035 _a(OCoLC)ocm38000680
040 _aJRK
_cJRK
_dPL#
_dTEF
_dMCCPP
020 _a8477204462
020 _a9788477204466
035 _a(OCoLC)38000680
041 1 _aspa
_hita
050 1 4 _aBL 477
_bD374g 1996
082 0 0 _a291.2/15
049 _aGRAL
100 1 _aDembech, Giuditta.
245 1 3 _aEl gran libro de los ángeles /
_cGiuditta Dembech.
260 _aBarcelona :
_bObelisco,
_cc1996.
300 _a318 p. :
_bill., map ;
_c21cm.
440 0 _aColección Nueva consciencia
500 _aTraducido de: Angeli fra noi.
504 _aIncludes bibliography (p. 317-318).
650 0 _aAngels.
650 0 _aAngels
_xMiscellanea.
650 7 _aAngeles.
_2bidex
938 _aPuvill Libros
_bPUVL
_n8477204462
_c$15.39
942 _2lcc
_cbk
994 _aC0
_bDRFGD
946 _aJP
999 _c93055
_d93055